Statistics for Atlanta Hawks NBA Awards Winners

Click here to take the quiz!

General Stats

  • This quiz has been taken 64 times
  • The average score is 4 of 10

Answer Stats

Player% Correct
Bob Pettit
91%
Dikembe Mutombo
87%
Lenny Wilkens
76%
Jamal Crawford
45%
Mike Budenholzer
45%
Hubie Brown
22%
Mike Fratello
22%
Alan Henderson
15%
Richie Guerin
13%
Harry Gallatin
9%

Score Distribution

Percentile by Number Answered

Percent of People with Each Score

Your Score History

You have not taken this quiz